Actualidad en filosofía

Salvato in:
Dettagli Bibliografici
Autore principale: Adorno, Theodor Wiesengrund (Autore)
Natura: Libro
Lingua:spagnolo
Pubblicazione: Barcelona Altaya 1997
Soggetti:
Tags: Aggiungi Tag
Nessun Tag, puoi essere il primo ad aggiungerne!!

MARC

LEADER 00000nam a2200000 a 4500
001 UCN3505
003 CL-VaPUC
008 010629e19970000SP |||||||||||||||||spa|d
082 0 4 |a 190  |b ADO  |2 21 
100 0 |a Adorno, Theodor Wiesengrund  |e author  |9 325578 
245 1 0 |a Actualidad en filosofía 
300 |a 204 p 
942 |c BK 
945 |d 20010629 00:00:00  |a cmena 
260 |a Barcelona  |b Altaya  |c 1997 
650 0 |a Filosofía moderna  |9 258121 
650 0 |a Lógica  |9 256849 
650 0 |a Metafísica  |9 265649 
650 0 |a Ética  |9 255099 
583 |a last modification  |c 20010629 00:00:00  |k Rodrigo Vera 
999 |c 296360  |d 296358 
952 |0 0  |1 0  |4 0  |6 190_000000000000000_ADO_1997  |7 0  |8 A  |9 350087  |a BIBEDU  |b BIBEDU  |d 2019-11-20  |i 373384K  |l 1  |o 190 ADO 1997  |p 373384K  |r 2025-03-25  |s 2025-03-21  |w 2019-11-20  |y BK  |k MUS